[Event "DEN-ch sf1"]
[Site "Svendborg"]
[Date "2024.03.29"]
[Round "7"]
[White "Veiergang, Oscar Jacob"]
[Black "Zander, Emil"]
[Result "1/2-1/2"]
[WhiteElo "2041"]
[BlackElo "2137"]
[PlyCount "78"]
[EventDate "2024.03.29"]
[EventType "swiss"]
[EventRounds "7"]
[EventCountry "DEN"]
[SourceTitle "CB16_2024"]
[SourceDate "2024.04.17"]
[SourceVersion "1"]
[SourceVersionDate "2024.04.17"]
[SourceQuality "1"]

1. e4 c5 2. Nf3 d6 3. d4 cxd4 4. Nxd4 Nf6 5. Nc3 a6 6. Bg5 e6 7. f4 Be7 8. Qf3 Qc7 9. 0-0-0 Nbd7 10. g4 h6 11. Bxf6 Bxf6 12. h4 Nb6 13. g5 Bxd4 14. Rxd4 Qc5 15. Rd1 Bd7 16. Bd3 0-0-0 17. Kb1 Kb8 18. f5 Bc6 19. Rhg1 Qe5 20. Qg3 Nd7 21. gxh6 gxh6 22. Qg7 Qxg7 23. Rxg7 Ne5 24. Rdg1 Bd7 25. Kc1 Rdf8 26. fxe6 fxe6 27. Re7 Rhg8 28. Rxg8 Rxg8 29. Rh7 Rg6 30. Ne2 Ka7 31. Kd2 Rf6 32. Ng3 Be8 33. Be2 Kb6 34. Ke3 Kc6 35. a4 Kb6 36. b3 Bf7 37. b4 a5 38. c3 Be8 39. bxa5+ Kxa5 1/2-1/2

[Event "DEN-ch sf1"]
[Site "Svendborg"]
[Date "2024.03.29"]
[Round "3"]
[White "Zander, Emil"]
[Black "Meskenas, Paulius"]
[Result "0-1"]
[WhiteElo "2137"]
[BlackElo "2187"]
[PlyCount "108"]
[EventDate "2024.03.29"]
[EventType "swiss"]
[EventRounds "7"]
[EventCountry "DEN"]
[SourceTitle "CB16_2024"]
[SourceDate "2024.04.17"]
[SourceVersion "1"]
[SourceVersionDate "2024.04.17"]
[SourceQuality "1"]

1. e4 e5 2. Nf3 Nc6 3. Bc4 Bc5 4. c3 Nf6 5. d3 d6 6. 0-0 a5 7. Re1 0-0 8. h3 h6 9. d4 Bb6 10. Bb3 Re8 11. Bc2 Bd7 12. Be3 exd4 13. Bxd4 Nxd4 14. cxd4 c5 15. d5 a4 16. Qd3 Ba5 17. Nbd2 b5 18. b3 axb3 19. axb3 Qc7 20. e5 dxe5 21. d6 Qb7 22. Rxe5 Bxd2 23. Rxa8 Qxa8 24. Rxe8+ Qxe8 25. Qxd2 Qe6 26. Qf4 Ne8 27. Qe5 Qxd6 28. Qe2 Qe6 29. Qd3 Nf6 30. Qc3 Qd5 31. Bd3 Ne4 32. Bxe4 Qxe4 33. Qxc5 Qb1+ 34. Kh2 Qxb3 35. Ne5 Be6 36. Nc6 Qc4 37. Qd6 Kh7 38. Nb4 Qe2 39. Qd4 Bc4 40. Qf4 Qe6 41. Qd2 Qe5+ 42. Kg1 Kh8 43. Qd8+ Kh7 44. Qd2 g6 45. Nc6 Qd5 46. Qxd5 Bxd5 47. Nb4 Bc4 48. g3 g5 49. Kg2 Kg6 50. h4 gxh4 51. gxh4 Kf5 52. Kf3 h5 53. Nc2 Bd5+ 54. Ke3 Kg4 0-1

[Event "Copenhagen Killer Chess op"]
[Site "Copenhagen"]
[Date "2023.10.17"]
[Round "4"]
[White "Hector, Jonny"]
[Black "Zander, Emil"]
[Result "1-0"]
[WhiteElo "2436"]
[BlackElo "2072"]
[PlyCount "52"]
[EventDate "2023.10.14"]
[EventType "swiss"]
[EventRounds "9"]
[EventCountry "DEN"]
[SourceTitle "Mega2024 Update 01"]
[Source "Chessbase"]
[SourceDate "2023.11.12"]
[SourceVersion "1"]
[SourceVersionDate "2023.11.12"]
[SourceQuality "1"]

1. e4 c5 2. Nc3 d6 3. f4 g6 4. d4 cxd4 5. Qxd4 Nf6 6. Nf3 Nc6 7. Qf2 Bg7 8. Bd3 0-0 9. h3 Qa5 10. Bd2 Qc7 11. 0-0 e6 12. Rae1 a6 13. Qh4 Qe7 14. f5 Ne8 15. fxg6 Qxh4 16. gxf7+ Rxf7 17. Nxh4 Rxf1+ 18. Rxf1 b5 19. Nf3 Bd7 20. Nd1 b4 21. b3 a5 22. Ne3 Rc8 23. Nc4 Ra8 24. Nb6 Ra7 25. Bc4 Nd4 26. Be3 Nxc2 1-0

[Event "Copenhagen Killer Chess op"]
[Site "Copenhagen"]
[Date "2023.10.15"]
[Round "2"]
[White "Kistrup, Nicolai"]
[Black "Zander, Emil"]
[Result "1/2-1/2"]
[WhiteElo "2387"]
[BlackElo "2072"]
[PlyCount "79"]
[EventDate "2023.10.14"]
[EventType "swiss"]
[EventRounds "9"]
[EventCountry "DEN"]
[SourceTitle "Mega2024 Update 01"]
[Source "Chessbase"]
[SourceDate "2023.11.12"]
[SourceVersion "1"]
[SourceVersionDate "2023.11.12"]
[SourceQuality "1"]

1. d4 Nf6 2. c4 g6 3. Nc3 d5 4. Nf3 Bg7 5. h4 c6 6. cxd5 cxd5 7. Bf4 Nc6 8. e3 Bf5 9. Qb3 Qb6 10. Qxb6 axb6 11. Bb5 0-0 12. Ke2 Rfc8 13. Rhc1 Ra5 14. a4 Raa8 15. Nd2 Nb4 16. Ra3 Nc6 17. f3 h5 18. Raa1 Nb4 19. Ra3 Nc6 20. Bg5 e6 21. Rg1 Na7 22. Bd3 Bxd3+ 23. Kxd3 Nd7 24. Rb3 Nc6 25. Ra1 Bf8 26. Ke2 Na5 27. Rb5 Nc6 28. Rb3 Na5 29. Rb5 Nc4 30. Nxc4 Rxc4 31. Kd3 Bg7 32. Be7 Ra6 33. b3 Rc6 34. e4 dxe4+ 35. fxe4 Ra8 36. e5 Re8 37. Bb4 Rd8 38. Be7 Re8 39. Bb4 Rd8 40. Be7 1/2-1/2

[Event "Fredericia Kandidats"]
[Site "Fredericia"]
[Date "2023.05.21"]
[Round "4"]
[White "Zander, Emil"]
[Black "Guindy, Esmat Susanne"]
[Result "0-1"]
[WhiteElo "2165"]
[BlackElo "2053"]
[PlyCount "92"]
[EventDate "2023.05.19"]
[EventType "swiss"]
[EventRounds "5"]
[EventCountry "DEN"]
[SourceTitle "EXT 2024"]
[Source "ChessBase"]
[SourceDate "2023.10.10"]
[SourceVersion "1"]
[SourceVersionDate "2023.10.10"]
[SourceQuality "1"]

1. e4 e6 2. d4 d5 3. Nc3 Nf6 4. e5 Nfd7 5. f4 c5 6. Nf3 Nc6 7. Be3 a6 8. Ne2 b5 9. c3 b4 10. cxb4 cxd4 11. Nexd4 Bxb4+ 12. Kf2 Nxd4 13. Bxd4 Bc5 14. Be2 0-0 15. Rf1 f6 16. exf6 Qxf6 17. g3 Rb8 18. b3 Rb4 19. Bxc5 Nxc5 20. Kg2 Bb7 21. Ne5 d4+ 22. Bf3 Rd8 23. Qe1 Rb5 24. Bxb7 Rxb7 25. Rc1 Rd5 26. b4 Na4 27. Rc8+ Rd8 28. Ng4 Qe7 29. Rxd8+ Qxd8 30. Qxe6+ Kf8 31. Ne5 Nb6 32. Nc6 Qd5+ 33. Qxd5 Nxd5 34. Kf3 Rc7 35. Nxd4 Rc3+ 36. Ke4 Nxb4 37. a4 a5 38. Rf3 Rc4 39. Ke5 Kf7 40. Nb3 Nc2 41. Rd3 Rxa4 42. Rd7+ Kg6 43. f5+ Kh6 44. Nc5 Rb4 45. Ne6 Ne3 46. Nxg7 Ng4+ 0-1

[Event "Esbjerg 100 Years Weekend"]
[Site "Esbjerg"]
[Date "2022.10.23"]
[Round "6"]
[White "Zander, Emil"]
[Black "Easwaralingam, Adesh"]
[Result "1/2-1/2"]
[WhiteElo "1874"]
[BlackElo "2161"]
[PlyCount "52"]
[EventDate "2022.10.21"]
[EventType "swiss"]
[EventRounds "7"]
[EventCountry "DEN"]
[SourceTitle "EXT 2024"]
[Source "ChessBase"]
[SourceDate "2023.10.10"]
[SourceVersion "1"]
[SourceVersionDate "2023.10.10"]
[SourceQuality "1"]

1. e4 c5 2. Nf3 e6 3. d4 cxd4 4. Nxd4 Nc6 5. Nc3 Qc7 6. Be3 a6 7. g4 b5 8. Qd2 Nxd4 9. Bxd4 Bb7 10. Bd3 Ne7 11. 0-0-0 Nc6 12. Be3 Ne5 13. g5 Bb4 14. f4 Nxd3+ 15. Qxd3 Bxc3 16. bxc3 d5 17. Qd4 0-0 18. e5 Rac8 19. Kb2 Qe7 20. Rhf1 Rc4 21. Qb6 b4 22. Bd4 bxc3+ 23. Ka1 Qa3 24. Qb3 Qe7 25. Rf3 Rb4 26. Qxc3 Rc8 1/2-1/2

[Event "DEN-ch U12 rapid"]
[Site "Odense"]
[Date "2022.09.30"]
[Round "2"]
[White "Derlich, Sarah Sima"]
[Black "Zander, Emil"]
[Result "1/2-1/2"]
[WhiteElo "1490"]
[BlackElo "2025"]
[PlyCount "77"]
[EventDate "2022.09.30"]
[EventType "swiss"]
[EventRounds "7"]
[EventCountry "DEN"]
[SourceTitle "EXT 2024"]
[Source "ChessBase"]
[SourceDate "2023.10.10"]
[SourceVersion "1"]
[SourceVersionDate "2023.10.10"]
[SourceQuality "1"]

1. e4 c5 2. Nf3 d6 3. Bb5+ Bd7 4. Bxd7+ Qxd7 5. c4 e5 6. Nc3 g6 7. b3 Bg7 8. Bb2 Ne7 9. Qc2 0-0 10. 0-0 Nbc6 11. Nd5 f5 12. d3 h6 13. h4 Nxd5 14. cxd5 Ne7 15. Nd2 f4 16. h5 gxh5 17. Qd1 Qe8 18. Qf3 Qg6 19. Qh3 Rad8 20. Kh1 Kh8 21. Rg1 Ng8 22. Nf3 Nf6 23. Nh4 Qg5 24. Bc1 Rg8 25. g3 Ng4 26. Rg2 Rdf8 27. f3 Ne3 28. gxf4 Qxh4 29. Qxh4 Nxg2 30. Qxh5 Nxf4 31. Bxf4 Rxf4 32. Rg1 Rgf8 33. Rg6 Rxf3 34. Rxh6+ Bxh6 35. Qxh6+ Kg8 36. Qg6+ Kh8 37. Qh6+ Kg8 38. Qg6+ Kh8 39. Qh6+ 1/2-1/2

[Event "DEN-ch U12 rapid"]
[Site "Odense"]
[Date "2022.09.30"]
[Round "7"]
[White "Zander, Emil"]
[Black "Li, Anna Sofie"]
[Result "1-0"]
[WhiteElo "2025"]
[BlackElo "1590"]
[PlyCount "91"]
[EventDate "2022.09.30"]
[EventType "swiss"]
[EventRounds "7"]
[EventCountry "DEN"]
[SourceTitle "EXT 2024"]
[Source "ChessBase"]
[SourceDate "2023.10.10"]
[SourceVersion "1"]
[SourceVersionDate "2023.10.10"]
[SourceQuality "1"]

1. e4 e5 2. Nf3 Nc6 3. Bc4 Nf6 4. d3 Bc5 5. c3 0-0 6. 0-0 d6 7. Re1 Be6 8. Bb3 d5 9. exd5 Nxd5 10. Bg5 f6 11. Bh4 Qd7 12. d4 exd4 13. cxd4 Bb6 14. Nc3 Rae8 15. Rxe6 Rxe6 16. Bxd5 Rfe8 17. Bxe6+ Rxe6 18. d5 Rd6 19. Bg3 Ne5 20. Nxe5 fxe5 21. Qe2 Rf6 22. Qxe5 Qf7 23. Ne4 Rg6 24. Re1 h6 25. Nd2 Kh7 26. Nf3 Rf6 27. Qe4+ Kg8 28. Qe8+ Qxe8 29. Rxe8+ Kf7 30. Rc8 Rf5 31. Ne5+ Ke7 32. Kf1 Bd4 33. Rxc7+ Kd8 34. Nd3 Rxd5 35. Rxb7 Bb6 36. Ke2 Rg5 37. Ne5 Ke8 38. f4 Rf5 39. Rxg7 Bd4 40. Kd3 Bxb2 41. Ke4 Rf6 42. Bh4 Rf8 43. Rxa7 Bxe5 44. Ra8+ Kf7 45. Rxf8+ Kxf8 46. fxe5 1-0

[Event "Wch U12"]
[Site "Batumi"]
[Date "2022.09.18"]
[Round "3"]
[White "Mouawad, Antoni"]
[Black "Zander, Emil"]
[Result "0-1"]
[WhiteElo "1192"]
[BlackElo "2025"]
[PlyCount "22"]
[EventDate "2022.09.16"]
[EventType "swiss"]
[EventRounds "11"]
[EventCountry "GEO"]
[SourceTitle "EXT 2023"]
[Source "ChessBase"]
[SourceDate "2022.10.05"]
[SourceVersion "1"]
[SourceVersionDate "2022.10.05"]
[SourceQuality "1"]

1. b3 e5 2. Bb2 Nc6 3. e3 Nf6 4. Bb5 e4 5. Bxc6 dxc6 6. d3 Bg4 7. Ne2 Bb4+ 8. Nbc3 Nd5 9. Qd2 Bxe2 10. Kxe2 Qg5 11. dxe4 Nxc3+ 0-1

[Event "Wch U12"]
[Site "Batumi"]
[Date "2022.09.17"]
[Round "2"]
[White "Zander, Emil"]
[Black "El Behi, Hatem"]
[Result "0-1"]
[WhiteElo "2025"]
[BlackElo "1385"]
[PlyCount "56"]
[EventDate "2022.09.16"]
[EventType "swiss"]
[EventRounds "11"]
[EventCountry "GEO"]
[SourceTitle "EXT 2023"]
[Source "ChessBase"]
[SourceDate "2022.10.05"]
[SourceVersion "1"]
[SourceVersionDate "2022.10.05"]
[SourceQuality "1"]

1. e4 c5 2. Nf3 Nc6 3. d4 cxd4 4. Nxd4 g6 5. c4 Bg7 6. Be3 Nf6 7. Nc3 Ng4 8. Qxg4 Nxd4 9. Qd1 Ne6 10. Qd2 Qa5 11. Rc1 b6 12. b3 Bb7 13. f3 Bc6 14. Be2 g5 15. 0-0 Be5 16. Rfd1 f6 17. g3 Rg8 18. Qb2 Bxc3 19. Rxc3 Qe5 20. Qd2 g4 21. Bf2 gxf3 22. Bxf3 Ng5 23. Bh5+ Kf8 24. Re3 Nh3+ 25. Kg2 Qxh5 26. Rf1 Nf4+ 27. Kg1 Nh3+ 28. Kg2 Ng5 0-1

[Event "Norway Chess op-A"]
[Site "Stavanger"]
[Date "2022.06.06"]
[Round "5"]
[White "Zander, Emil"]
[Black "Iskos, Lukas"]
[Result "0-1"]
[WhiteElo "2053"]
[BlackElo "2074"]
[PlyCount "120"]
[EventDate "2022.06.03"]
[EventType "swiss"]
[EventRounds "9"]
[EventCountry "NOR"]
[SourceTitle "CBM 208 Extra"]
[Source "ChessBase"]
[SourceDate "2022.07.31"]
[SourceVersion "1"]
[SourceVersionDate "2022.07.31"]
[SourceQuality "1"]

1. e4 c6 2. d4 d5 3. Nc3 dxe4 4. Nxe4 Nf6 5. Nxf6+ exf6 6. c3 Bd6 7. Bd3 0-0 8. Qc2 Re8+ 9. Ne2 h5 10. Be3 Be6 11. 0-0-0 Nd7 12. c4 Nf8 13. Nc3 Bb4 14. Ne4 Rc8 15. Kb1 b5 16. c5 Re7 17. Nd6 Rb8 18. h3 g6 19. Bf4 Ra8 20. Be4 Qd7 21. Bf3 Ba5 22. Ne4 Nh7 23. Bd6 Ree8 24. Rdg1 f5 25. Nc3 b4 26. Ne2 Bc7 27. Bxc7 Qxc7 28. g4 Ng5 29. Bg2 fxg4 30. hxg4 Bxg4 31. Ng3 Kf8 32. Qd2 f6 33. Qd3 Kg7 34. Ne4 Qf4 35. Nd6 Re6 36. Ka1 Bf3 37. Bxf3 Qxf3 38. Qa6 Re7 39. Qc4 a5 40. Qc2 Re2 41. Qa4 Rxf2 42. Rd1 Qe2 43. Rb1 Qf3 44. Rbd1 Ra7 45. d5 cxd5 46. c6 Qe2 47. Rb1 Qe5 48. c7 Rxc7 49. Ne8+ Kh6 50. Nxc7 Qxc7 51. Rbf1 Rxf1+ 52. Rxf1 Ne4 53. Qb3 Qc5 54. Qd3 g5 55. Kb1 Qc4 56. Qxc4 dxc4 57. Kc2 h4 58. b3 cxb3+ 59. axb3 h3 60. Kd3 f5 0-1

[Event "Norway Chess op-A"]
[Site "Stavanger"]
[Date "2022.06.04"]
[Round "2"]
[White "Cherniaiev, Tykhon"]
[Black "Zander, Emil"]
[Result "1-0"]
[WhiteElo "2197"]
[BlackElo "2053"]
[PlyCount "73"]
[EventDate "2022.06.03"]
[EventType "swiss"]
[EventRounds "9"]
[EventCountry "NOR"]
[SourceTitle "CBM 208 Extra"]
[Source "ChessBase"]
[SourceDate "2022.07.31"]
[SourceVersion "1"]
[SourceVersionDate "2022.07.31"]
[SourceQuality "1"]

1. d4 Nf6 2. c4 e6 3. Nf3 d5 4. g3 dxc4 5. Bg2 c5 6. 0-0 Nc6 7. dxc5 Qxd1 8. Rxd1 Bxc5 9. Nbd2 c3 10. bxc3 0-0 11. Nb3 Be7 12. Bb2 Bd7 13. c4 Rfc8 14. Rac1 Be8 15. Ne5 Nxe5 16. Bxe5 Bc6 17. Bxc6 Rxc6 18. Na5 Rb6 19. Bd4 Rb4 20. a3 Ra4 21. Nxb7 Bxa3 22. Ra1 Rb4 23. Na5 Bb2 24. Rab1 Ba3 25. c5 Rc8 26. c6 Ra4 27. c7 Rxc7 28. Rb8+ Bf8 29. Be5 Rd7 30. Bd6 Rxd6 31. Rxd6 Rxa5 32. Rdd8 g6 33. Rxf8+ Kg7 34. Rfc8 Nd5 35. Rb7 Ra1+ 36. Kg2 a5 37. e4 1-0

[Event "DEN-ch G7 Gr-1"]
[Site "Svendborg"]
[Date "2022.04.17"]
[Round "6"]
[White "Jensen, Tobias Ilsoe"]
[Black "Zander, Emil"]
[Result "0-1"]
[WhiteElo "2154"]
[BlackElo "1968"]
[PlyCount "52"]
[EventDate "2022.04.12"]
[EventType "swiss"]
[EventRounds "7"]
[EventCountry "DEN"]
[SourceTitle "EXT 2024"]
[Source "ChessBase"]
[SourceDate "2023.10.10"]
[SourceVersion "1"]
[SourceVersionDate "2023.10.10"]
[SourceQuality "1"]

1. d4 Nf6 2. c4 g6 3. h4 Bg7 4. Nc3 d5 5. h5 gxh5 6. cxd5 Nxd5 7. Rxh5 c6 8. e4 Nxc3 9. bxc3 e5 10. Bc4 exd4 11. Ba3 b5 12. Bb3 dxc3 13. Qf3 Qf6 14. Rd1 Be6 15. Qd3 Nd7 16. Nf3 0-0-0 17. Qe3 Nb6 18. Bd6 Bxb3 19. e5 Qg6 20. Rg5 Qc2 21. Rc1 Qxa2 22. Qxc3 Bc4 23. Nd2 Rxd6 24. Rxg7 Rd3 25. Qb4 a5 26. Qb1 Qxd2+ 0-1

[Event "DEN-ch U12 rapid"]
[Site "Odense"]
[Date "2021.10.01"]
[Round "2"]
[White "Zander, Emil"]
[Black "Holst, Peter1111"]
[Result "1-0"]
[WhiteElo "1774"]
[BlackElo "1243"]
[PlyCount "49"]
[EventDate "2021.10.01"]
[EventType "swiss"]
[EventRounds "7"]
[EventCountry "DEN"]
[SourceTitle "EXT 2024"]
[Source "ChessBase"]
[SourceDate "2023.10.10"]
[SourceVersion "1"]
[SourceVersionDate "2023.10.10"]
[SourceQuality "1"]

1. e4 e6 2. d4 d5 3. Nd2 c5 4. Ngf3 Nc6 5. exd5 exd5 6. dxc5 Bxc5 7. Nb3 Be7 8. Bd3 Nf6 9. Bf4 0-0 10. Qd2 Bg4 11. h3 Bd7 12. 0-0 Nh5 13. Bh2 h6 14. Rad1 Be6 15. Nfd4 Nxd4 16. Nxd4 Bc8 17. Rfe1 Bg5 18. Qe2 Nf4 19. Qf3 Qf6 20. Bf1 Bd7 21. Bxf4 Bxf4 22. Qxd5 Rad8 23. Qxb7 Qg5 24. Nf3 Qg6 25. Rxd7 1-0